[Event "Collado Villalba op-A 27th"]
[Site "Collado Villalba"]
[Date "2010.08.25"]
[Round "6"]
[White "Ojosnegros Martin, Angel"]
[Black "Gal, Eugen"]
[Result "0-1"]
[WhiteElo "1408"]
[BlackElo "1934"]
[PlyCount "76"]
[EventDate "2010.08.20"]
[EventType "swiss"]
[EventRounds "10"]
[EventCountry "ESP"]
[SourceTitle "CBM 138 Extra"]
[Source "ChessBase"]
[SourceDate "2010.10.29"]
[SourceVersion "1"]
[SourceVersionDate "2010.10.29"]
[SourceQuality "1"]

1. c4 Nf6 2. Nc3 c6 3. g3 g6 4. Bg2 d5 5. cxd5 cxd5 6. Nf3 Bg7 7. d4 0-0 8. 0-0 Nc6 9. Bf4 Nh5 10. Be3 a6 11. Qd2 b5 12. a3 Na5 13. Qd1 Bb7 14. Rb1 Rc8 15. Ne1 Nc4 16. Bd2 Bxd4 17. Bh6 Bxc3 18. bxc3 Re8 19. Nc2 e6 20. Bf3 Ng7 21. Bxg7 Kxg7 22. Re1 Nb6 23. Rb3 Na4 24. Qd4+ Kg8 25. Qe3 Qc7 26. Rc1 Qc4 27. Na1 a5 28. Kg2 e5 29. Qa7 Nc5 30. Rb2 e4 31. Bg4 f5 32. Bh3 d4 33. Qxa5 Nd3 34. exd3 exd3+ 35. Kg1 dxc3 36. Rxb5 d2 37. Rbb1 dxc1Q+ 38. Rxc1 Qe4 0-1

[Event "Collado Villalba op-A 26th"]
[Site "Collado Villalba"]
[Date "2009.08.21"]
[Round "1"]
[White "Gal, Eugen"]
[Black "Sanchez Gonzalez, Sergio"]
[Result "0-1"]
[WhiteElo "1981"]
[BlackElo "2305"]
[PlyCount "65"]
[EventDate "2009.08.21"]
[EventType "swiss"]
[EventRounds "9"]
[EventCountry "ESP"]
[SourceTitle "CBM 132 Extra"]
[Source "ChessBase"]
[SourceDate "2009.11.03"]
[SourceVersion "1"]
[SourceVersionDate "2009.11.03"]
[SourceQuality "1"]

1. d4 Nf6 2. Nf3 e6 3. c4 Bb4+ 4. Nc3 d5 5. e3 0-0 6. Bd3 c5 7. a3 Bxc3+ 8. bxc3 dxc4 9. Bxc4 Qc7 10. Be2 Nc6 11. 0-0 Rd8 12. Qc2 e5 13. Bd3 Bg4 14. Ng5 h6 15. Ne4 Nxe4 16. Bxe4 Na5 17. dxe5 Qxe5 18. Rb1 Be6 19. f4 Qc7 20. g3 Rab8 21. Re1 Bc4 22. Bb2 Qe7 23. Ba1 b6 24. Rbc1 Nb3 25. Rcd1 Rxd1 26. Rxd1 Re8 27. Bc6 Qxe3+ 28. Kh1 Nxa1 29. Rxa1 Rd8 30. Rd1 Rxd1+ 31. Qxd1 Qxc3 32. Qd8+ Kh7 33. Qe7 0-1